| 000 | 00858nam a2200265 i 4500 | ||
|---|---|---|---|
| 001 | 125499 | ||
| 003 | ES-MaACL | ||
| 005 | 20231224062928.0 | ||
| 007 | t| | ||
| 008 | 070614s1972 sp ||||1| spa d | ||
| 020 | _a84-03-05056-9 | ||
| 080 | _a821.134.2-14"18" | ||
| 100 | 1 |
_aEspronceda, José de, _d1808-1842 _947951 |
|
| 245 | 1 | 0 |
_aObras poéticas completas / _cJosé de Espronceda ; con un estudio preliminar y notas de Juan José Domenchina. |
| 250 | _a5ª ed. | ||
| 260 |
_aMadrid : _bAguilar, _c1972. |
||
| 300 |
_a781 p. ; _c14 cm. |
||
| 490 | 1 | _aColección Joya | |
| 500 | _aBiblioteca Jacinto Martínez Lacalle. | ||
| 500 | _aRetrato de José Espronceda. | ||
| 700 | 1 |
_aDomenchina, Juan José, _d1898-1959 _945067 |
|
| 830 | 0 |
_aColección Joya _9181436 |
|
| 852 |
_aES-MaACL _jE-11690 _bR.139657 |
||
| 999 |
_c125499 _d125499 |
||